PHARMACEUTICAL JURISPRUDENCE: SECOND YEAR DIPLOMA IN PHARMACY (Record no. 6039)

MARC details
000 -LEADER
fixed length control field 00395nam a22001457a 4500
005 - DATE AND TIME OF LATEST TRANSACTION
control field 20210827132152.0
008 - FIXED-LENGTH DATA ELEMENTS--GENERAL INFORMATION
fixed length control field 200225b xxu||||| |||| 00| 0 eng d
020 ## - INTERNATIONAL STANDARD BOOK NUMBER
ISBN 81-239-0552-1
041 ## - LANGUAGE CODE
Language code of text/sound track or separate title eng
100 ## - MAIN ENTRY--AUTHOR NAME
Personal name GANDHI , NEERJA AND POPLI, HARVINDER
245 ## - TITLE STATEMENT
Title PHARMACEUTICAL JURISPRUDENCE: SECOND YEAR DIPLOMA IN PHARMACY
260 ## - PUBLICATION, DISTRIBUTION, ETC. (IMPRINT)
Place of publication NEW DELHI
Name of publisher CBS
300 ## - PHYSICAL DESCRIPTION
Number of Pages 226p,
942 ## - ADDED ENTRY ELEMENTS (KOHA)
Koha item type Books
Holdings
Lost status Damaged status Collection code Home library Current library Shelving location Date acquired Source of acquisition Cost, normal purchase price Full call number Accession Number Koha item type Copy number
    PHARMACY JRU Library JRU Library SHELF-19-D 25/02/2020 PURCHESS 295.00 614.34 23678 Books  
    Reference JRU Library JRU Library SHELF-3-D 25/02/2020 PURCHESS 295.00   23679 Books  
    PHARMACY JRU Library JRU Library SHELF-19-D 25/02/2020 PURCHESS 295.00   23680 Books 614.34
    PHARMACY JRU Library JRU Library SHELF-19-D 25/02/2020 PURCHESS 295.00   23681 Books  
    PHARMACY JRU Library JRU Library SHELF-19-D 25/02/2020 PURCHESS 295.00   23682 Books 614.34